000
00262nam a2200109Ia 4500
005
20251222154439.0
008
251222s9999||||xx |||||||||||||| ||spa||
082
_a
868.9/P66V
100
_a
"Pla, Josep"
245
0
_a
Un viaje frustrado - contrabando
942
_c
LIB
999
_c
36710
_d
36710